000
00293nam a2200121Ia 4500
005
20251222152011.0
008
251222s9999||||xx |||||||||||||| ||spa||
020
_a
978-603-4007-31-4
082
_a
634.44/R61
100
_a
"Rimache Artica, Mijail"
245
0
_a
Cultivo de mangos
942
_c
LIB
999
_c
24897
_d
24897